All Clash Royale Cards - Statystyki

Ogólne statystyki
  • Ten quiz został rozwiązany 40 razy
  • Średni wynik to 78 z 125
Statystyki odpowiedzi
Rarity Arena Improvements Odpowiedź % Poprawnych
Epic Royal Arena None Prince
96%
Rare Training Camp Hero Giant
92%
Rare Training Camp Hero Mini P.E.K.K.A
92%
Common Training Camp Evolution Archers
88%
Common Training Camp None Arrows
88%
Rare Training Camp None Fireball
88%
Common Goblin Stadium Hero Goblins
88%
Epic Hog Mountain None Golem
88%
Common Training Camp Evolution, Hero Knight
88%
Epic P.E.K.K.A's Playhouse Evolution Witch
88%
Epic Jungle Arena Hero Barbarian Barrel
84%
Legendary Electro Valley None Electro Wizard
84%
Epic P.E.K.K.A's Playhouse Evolution Goblin Barrel
84%
Legendary Electro Valley Evolution Mega Knight
84%
Epic P.E.K.K.A's Playhouse Evolution P.E.K.K.A
84%
Common Bone Pit Evolution Skeletons
84%
Rare Spell Valley Evolution, Hero Wizard
84%
Common Barbarian Bowl Evolution Barbarians
80%
Common Spell Valley None Fire Spirit
80%
Common Jungle Arena None Goblin Gang
80%
Rare Builder's Workshop None Hog Rider
80%
Common Frozen Peak Evolution Ice Spirit
80%
Legendary Spooky Town None Ice Wizard
80%
Epic Frozen Peak None Lightning
80%
Legendary Serenity Peak None Night Witch
80%
Epic P.E.K.K.A's Playhouse Evolution Skeleton Army
80%
Legendary Electro Valley None The Log
80%
Common Builder's Workshop Evolution Zap
80%
Champion Royal Crypt None Archer Queen
76%
Epic P.E.K.K.A's Playhouse Evolution Baby Dragon
76%
Legendary Rascal's Hideout None Bandit
76%
Common Barbarian Bowl Evolution Cannon
76%
Epic Royal Arena None Dark Prince
76%
Common Spell Valley None Electro Spirit
76%
Epic Jungle Arena Evolution Goblin Giant
76%
Rare Goblin Stadium None Goblin Hut
76%
Rare Spell Valley None Inferno Tower
76%
Rare Builder's Workshop None Rocket
76%
Rare Jungle Arena None Barbarian Hut
72%
Champion Royal Crypt None Boss Bandit
72%
Champion Executioner's Kitchen None Golden Knight
72%
Rare Rascal's Hideout None Heal Spirit
72%
Legendary Electro Valley None Miner
72%
Champion Silent Sanctuary None Monk
72%
Legendary Electro Valley None Princess
72%
Common Royal Arena Evolution Royal Giant
72%
Legendary Electro Valley None Sparky
72%
Common Goblin Stadium None Spear Goblins
72%
Epic Frozen Peak None Freeze
68%
Rare Frozen Peak Hero Ice Golem
68%
Legendary Rascal's Hideout None Lava Hound
68%
Common Training Camp None Minions
68%
Legendary Miner's Mine None Mother Witch
68%
Rare Training Camp Evolution, Hero Musketeer
68%
Common Hog Mountain Evolution Tesla
68%
Rare Bone Pit None Tombstone
68%
Common Builder's Workshop Evolution Bats
64%
Rare Spell Valley None Bomb Tower
64%
Common Hog Mountain None Elite Barbarians
64%
Champion Royal Crypt None Mighty Miner
64%
Epic Jungle Arena None Poison
64%
Epic Serenity Peak None Rage
64%
Champion Executioner's Kitchen None Skeleton King
64%
Epic Frozen Peak None Vines
64%
Common Bone Pit Evolution Bomber
60%
Rare Jungle Arena Evolution Dart Goblin
60%
Epic Spooky Town Evolution Electro Dragon
60%
Epic Rascal's Hideout None Electro Giant
60%
Rare Miner's Mine None Elixir Collector
60%
Epic Frozen Peak None Giant Skeleton
60%
Epic Serenity Peak None Goblin Curse
60%
Legendary Electro Valley Evolution Inferno Dragon
60%
Legendary Serenity Peak Evolution Lumberjack
60%
Legendary Rascal's Hideout Hero Magic Archer
60%
Legendary Electro Valley None Ram Rider
60%
Common Rascal's Hideout None Rascals
60%
Rare Royal Arena Evolution Royal Hogs
60%
Common Jungle Arena Evolution Skeleton Barrel
60%
Rare Bone Pit Evolution Valkyrie
60%
Epic Royal Arena Hero Balloon
56%
Rare Spooky Town None Earthquake
56%
Rare Serenity Peak None Elixir Golem
56%
Common Spooky Town Evolution Firecracker
56%
Rare Goblin Stadium Evolution Goblin Cage
56%
Champion Silent Sanctuary None Little Prince
56%
Rare Barbarian Bowl Hero Mega Minion
56%
Common Hog Mountain Evolution Minion Horde
56%
Common Royal Arena Evolution Royal Recruits
56%
Rare Royal Arena None Three Musketeers
56%
Epic Hog Mountain None X-Bow
56%
Rare Frozen Peak None Battle Healer
52%
Rare Hog Mountain Evolution Furnace
52%
Legendary Spooky Town None Graveyard
52%
Legendary Spooky Town Evolution Royal Ghost
52%
Common Frozen Peak Evolution Giant Snowball
48%
Champion Silent Sanctuary None Goblinstein
48%
Epic Hog Mountain Evolution Hunter
48%
Epic Miner's Mine None Mirror
48%
Common Spell Valley None Skeleton Dragons
48%
Epic Miner's Mine None Void
48%
Common Jungle Arena None Berserker
44%
Epic Miner's Mine None Cannon Cart
44%
Epic Miner's Mine None Clone
44%
Epic Serenity Peak Evolution Executioner
44%
Epic Serenity Peak Evolution Goblin Drill
44%
Epic P.E.K.K.A's Playhouse None Guards
44%
Common Builder's Workshop Evolution Mortar
44%
Common Serenity Peak None Royal Delivery
44%
Epic Spooky Town Evolution Wall Breakers
44%
Rare Spooky Town None Goblin Demolisher
40%
Rare Hog Mountain None Zappies
40%
Rare Barbarian Bowl Evolution Battle Ram
36%
Epic Rascal's Hideout None Bowler
36%
Legendary Miner's Mine None Fisherman
36%
Rare Builder's Workshop None Flying Machine
36%
Legendary Miner's Mine None Goblin Machine
36%
Rare Rascal's Hideout None Suspicious Bush
36%
Legendary Spooky Town None Phoenix
32%
Epic Jungle Arena None Rune Giant
32%
Epic Miner's Mine None Tornado
32%
Legendary Miner's Mine None Spirit Empress
28%
Epic Frozen Peak None Cannoneer
20%
Legendary Rascal's Hideout None Royal Chef
20%
Common Training Camp None Tower Princess
20%
Legendary Electro Valley None Dagger Duchess
12%
Nie znaleziono quizów pasujących do podanych kryteriów
Rozkład punktacji
Procent ludzi z każdym wynikiem
Percentyl według liczby udzielonych odpowiedzi
Twoja historia wyników
Nie rozwiązałeś tego quizu